Ovládnutí a převzetí firem
Na minha lista:
| Autor principal: | |
|---|---|
| Formato: | Livro |
| Idioma: | tcheco |
| Publicado em: |
Praha
C. H. Beck
2013
|
| Colecção: | Beckova edice ekonomie
|
| Assuntos: | |
| Tags: |
Sem tags, seja o primeiro a adicionar uma tag!
|
MARC
| LEADER | 00000nam a2200000 4500 | ||
|---|---|---|---|
| 001 | 0185324 | ||
| 005 | 20240313090221.7 | ||
| 020 | |a 978-80-7400-442-1 | ||
| 041 | 0 | |a cze | |
| 044 | |a CZ | ||
| 245 | 1 | 0 | |a Ovládnutí a převzetí firem |c Luboš Smrčka |
| 264 | 1 | |a Praha |b C. H. Beck |c 2013 | |
| 300 | |a viii, 151 s. | ||
| 490 | 1 | |a Beckova edice ekonomie | |
| 830 | 0 | |a Beckova edice ekonomie | |
| 610 | 2 | 0 | |a fúzie |
| 610 | 2 | 0 | |a akvizícia |
| 610 | 2 | 0 | |a ceny |
| 610 | 2 | 0 | |a hodnota |
| 610 | 2 | 0 | |a aktíva |
| 610 | 2 | 0 | |a vlastníctvo |
| 610 | 2 | 0 | |a Česko |
| 610 | 2 | 0 | |a štúdie prípadové |
| 100 | 1 | |a Smrčka, Luboš | |